[Event "EU-ch 6th"]
[Site "Warsaw"]
[Date "2005.06.23"]
[Round "6"]
[White "Urban, Klaudiusz"]
[Black "Mazi, Leon"]
[Result "1-0"]
[WhiteElo "2497"]
[BlackElo "2365"]
[Annotator "Huzman,A"]
[PlyCount "53"]
[EventDate "2005.06.18"]
[EventType "swiss"]
[EventRounds "13"]
[EventCountry "POL"]
[SourceTitle "CBM 108"]
[Source "ChessBase"]
[SourceDate "2005.09.26"]
[SourceVersion "1"]
[SourceVersionDate "2005.09.26"]
[SourceQuality "1"]

1. d4 d5 2. c4 dxc4 3. Nf3 Nf6 4. Qa4+ Nbd7 5. Nc3 e6 6. e4 Be7 7. Bxc4 O-O 8.
Qc2 c5 (8... Nb6 9. Bd3 (9. Be2 h6 10. O-O Bd7 11. Be3 Qc8 12. Rac1 Rd8 13. Ne5
$16 {0-1 Crouch,C-Pogosian,T/Yerevan 1996/CBM 52 ext (32)}) 9... h6 10. Be3 Ng4
11. Bf4 c5 12. dxc5 Bxc5 13. O-O Qf6 14. Bg3 Nd7 15. e5 $18 {1-0 Lytchak,
A-Bachmann,K/Germany 1995/GER (21)}) (8... c6 9. O-O h6 10. Bf4 b5 11. Bd3 b4
12. Na4 Bb7 13. Rac1 c5 {1/2-1/2 Baumbach,F-Grottke,H/Germany 1999/EXT 2000 
(13)}) 9. dxc5 (9. e5 $5 Nd5 (9... Ne8 10. dxc5 Nxc5 (10... Qc7 11. Bf4 Nxc5
12. O-O $14 {Taimanov,M-Westerinen,H/La Habana 1967/MAS D20 ZR (12)}) 11. Be3
b6 12. O-O Nc7 13. b4 N5a6 14. a3 $16 {1-0 Romero Parera,E-Molero Tejada,S/
Ametlla 1998/EXT 2002 (29)}) 10. Nxd5 (10. dxc5 Nxc3 11. Qxc3 Nxc5 12. O-O b6 (
12... Bd7 13. Rd1 Rc8 14. Be3 Na4 15. Qb3 Rxc4 16. Qxc4 Nxb2 17. Qg4 h5 {
1/2-1/2 Djukic,Z-Radulov,I/Sofia 1979/EXT 2004 (17)}) 13. Bf4 Bb7 14. b4 Ne4
15. Qb3 Ng5 16. Bxg5 Bxg5 17. Rfd1 {1/2-1/2 Nikolic,P-Jussupow,A/Leningrad
1987/CBM 03 (17)}) (10. Bxd5 exd5 11. Nxd5 cxd4 12. Qe4 Re8 13. O-O Bd6 14. Ng5
Nf8 15. Nxf7 Kxf7 16. Qf3+ Kg8 17. exd6 Qxd6 18. Bf4 $16 {Bagirov,V-Amirhanov/
URS 1963 (18)}) (10. O-O Nb4 11. Qe2 cxd4 12. Ne4 d3 13. Bxd3 Nxd3 14. Qxd3 f5
15. exf6 Nxf6 16. Qe2 Nxe4 17. Qxe4 Bf6 18. Bf4 Qd5 $11 {1/2-1/2 Gawlikowski,
S-Drozd,R/Poznan 1962/EXT 2001 (41)}) 10... exd5 11. Bd3 g6 (11... h6 12. Be3
cxd4 13. Bxd4 Nb8 14. O-O Bg4 15. Nd2 Nc6 16. Nb3 Nxd4 17. Nxd4 Rc8 18. Qa4 Qb6
$11 {1/2-1/2 Kytoniemi,J-Lampen,T/Finland 1998/EXT 2000 (52)}) 12. e6 fxe6 13.
Bxg6 hxg6 14. Qxg6+ Kh8 15. Qh6+ Kg8 {1/2-1/2 Abdulla,A-Rausis,I/Dhaka 2001/
CBM 82 (15)}) 9... Nxc5 $2 (9... Bxc5 10. O-O Qc7 (10... a6 11. e5 Ng4 12. Qe4
Nxf2 13. Rxf2 Qb6 14. Nd1 Bxf2+ 15. Nxf2 Nc5 16. Qe2 Bd7 17. Be3 $18 {1-0
Fogarasi,T-Lengyel,B/Hungary 2003/EXT 2004 (30)}) (10... Ng4 11. h3 Nge5 12.
Nxe5 Nxe5 13. Be2 Qe7 14. Bf4 Nc6 15. Bc4 Bd7 16. Rad1 Rac8 {1/2-1/2 Fedder,
S-Iversen,R/Esbjerg 1972/MCD (16)}) 11. Nb5 (11. Qe2 Ng4 12. Bb3 (12. h3 Nge5
13. Nxe5 Nxe5 14. Bb3 Bd7 $11 {time. 1-0 Mueller,H-Gruenfeld,E/Vienna 1934/EXT
99 (38)}) 12... a6 13. h3 (13. Bg5 b5 14. Rac1 Bb7 15. Bh4 Qb6 16. h3 Nge5 17.
Bg3 Nxf3+ 18. Qxf3 f5 $36 {1/2-1/2 Erozbek,A-Cappello,G/Skopje 1972/EXT 2000 
(40)}) 13... Nge5 14. Nxe5 Nxe5 15. Bf4 Bd6 16. Rac1 Qb8 17. Be3 Bd7 18. f4 Ng6
19. e5 $16 {1/2-1/2 Malaniuk,V-Lau,R/Dortmund 1993/TD (40)}) 11... Qb8 12. Nbd4
a6 13. Bd3 b6 14. Nc6 Qc7 15. e5 Qxc6 16. exf6 Bb7 17. b4 Bd6 18. Bxh7+ Kh8 19.
fxg7+ Kxg7 20. Bb2+ Kh6 21. Rfd1 $16 {1/2-1/2 Knezevic,M-Tarjan,J/Majdanpek
1976/MCD (62)}) 10. O-O b6 (10... a6 11. e5 Ne8 12. Ne4 Qc7 13. Be3 Nd7 14. Bg5
(14. Neg5 $5) 14... Nxe5 15. Nxe5 f6 16. Nf3 b5 $11 {0-1 Gunawan,R-Popchev,M/
Sarajevo 1988/CBM 08 (46)}) (10... Qc7 11. Bg5 a6 12. e5 Ng4 13. b4 f6 14. Bh4
b5 15. Nd5 exd5 16. Bxd5+ Be6 17. Bxa8 Bc4 18. bxc5 Rxa8 19. Qe4 $18 {1-0 Van
der Sterren,P-Fernandes,A/Linares 1995/CBM 51 (43)}) 11. Rd1 Qc7 12. e5 Nfd7 (
12... Ng4 13. Qe2 Bb7 14. Bf4 $16 {[%csl Rg4]}) 13. Nb5 $16 {[%mdl 4] White
has a clear edge due to his space advantage. The penetration Nb5-d6 is very
unpleasant for Black.} Qb8 14. Bf4 (14. b4 $5 Na6 15. a3 $1 Nxe5 16. Nxe5 Qxe5
17. Bb2 Qf4 (17... Qh5 18. Qe4 Rb8 19. Nxa7 $16) 18. Qe2 Bf6 19. Bxf6 Qxf6 20.
Bd3 $16 {[%csl Ra6][%cal Gd3e4]}) (14. Bg5 $1 f6 15. exf6 Bxf6 16. Bxf6 Nxf6
17. b4 $18) 14... a5 15. Qe2 (15. Bg5 $5 $16) 15... Rd8 (15... Ba6 16. Rd4 $16
{[%cal Ga1d1]}) (15... Bb7 16. Nd6 Rd8 17. Rd4 $16) 16. Nd6 Nf8 $2 (16... Bb7
$142) 17. Bg5 $1 Qc7 (17... Bxg5 18. Nxg5 Ra7 19. Qh5 $16) 18. Nb5 $1 Rxd1+ 19.
Rxd1 Qb7 20. Nd6 Qc7 $2 (20... Bxd6 $142 21. exd6 f6 22. Be3 Bd7 $16) (20...
Qa7 21. Bxe7 Qxe7 22. Nd4 Ng6 23. Qe3 $16) 21. Ne8 $1 {[%mdl 128] White gets a
decisive attack by transfering the Nd6 to f6.} Qa7 (21... Qb7 22. Nf6+ Kh8 23.
Nh4 Nfd7 24. Nxh7 $1 Nxe5 25. Qh5 g6 (25... Kg8 26. Bxe7 Qxe7 27. Ng5 $18) 26.
Qh6 Ng4 27. Nxg6+ fxg6 28. Qh4 $1 $18) 22. Nf6+ $1 Kh8 (22... gxf6 23. exf6 $18
) (22... Bxf6 23. exf6 Ba6 24. fxg7 Ng6 25. Bf6 $18) 23. Nd4 $1 {[%cal Gd4c6,
Ge2h5]} Qc7 (23... Ba6 24. Nc6 Qc7 25. Nxe7 Bxc4 26. Qxc4 Qxe7 27. Nxh7 $18) (
23... Bb7 24. Qh5 $18) 24. Qh5 $18 {[%mdl 32]} Bb7 (24... g6 25. Qh6 Ba6 26.
Nh5 $1 gxh5 27. Bf6+ Bxf6 28. exf6 $18) 25. Qxf7 Ng6 26. Ne8 (26. Bh6 $1 $18)
26... Qxe5 27. Bxe7 1-0

[Event "FIDE World Cup 13-14"]
[Site "Khanty-Mansiysk"]
[Date "2005.12.16"]
[Round "7.2"]
[White "Dreev, Alexey"]
[Black "Van Wely, Loek"]
[Result "1-0"]
[WhiteElo "2694"]
[BlackElo "2648"]
[Annotator "Huzman,A"]
[PlyCount "77"]
[EventDate "2005.11.27"]
[EventType "k.o."]
[EventRounds "7"]
[EventCountry "RUS"]
[SourceTitle "CBM 111"]
[Source "ChessBase"]
[SourceDate "2006.04.04"]
[SourceVersion "1"]
[SourceVersionDate "2006.04.04"]
[SourceQuality "1"]

1. d4 Nf6 2. c4 e6 3. Nf3 d5 4. Nc3 dxc4 5. Qa4+ Nbd7 6. e4 a6 7. Bxc4 Rb8 8.
Qc2 b5 9. Bd3 Bb7 (9... c5 10. Bf4 Rb6 11. d5 (11. O-O Bb7 12. e5 Bxf3 13. exf6
Qxf6 $17 {1/2-1/2 Cifuentes Parada,R-Garcia Palermo,C/Rio Hondo 1987/EXT 97 
(56)}) 11... Bb7 12. dxe6 Rxe6 13. Ng5 Re7 14. O-O-O c4 15. Be2 h6 16. e5 hxg5
17. exf6 gxf6 18. Bd6 Re6 19. Bg3 Bg7 20. Bg4 O-O 21. Bxe6 fxe6 22. Rhe1 f5 23.
Qd2 Rf7 $132 {Ivanov S.-Rublevsky,Elista1997}) 10. Bf4 (10. O-O c5 11. Bf4 (11.
d5 c4 12. Be2 Qc7 (12... exd5 13. Nxd5 (13. exd5 Nxd5 (13... Bd6 14. a4 O-O 15.
axb5 axb5 16. Nxb5 Qb6 17. Bxc4 $16 {1-0 Lutikov,A-Gurgenidze,B/Moscow 1963/
EXT 99 (35)}) 14. Nxd5 Bxd5 15. Rd1 Be6 16. Ng5 $44 {Lutikov,A-Gurgenidze,B/
URS 1963 (16)}) 13... Nxd5 14. exd5 Bd6 15. Bg5 Nf6 16. Rad1 O-O 17. Nd4 Re8
18. Bf3 h6 19. Bh4 Be5 $13 {1/2-1/2 Emma,J-Pilnik,H/Mar del Plata 1966/MCD (35)
}) 13. Nd4 e5 14. Nf5 g6 15. Nh6 Rc8 16. Be3 Bc5 17. Bxc5 Nxc5 18. Ng4 Nxg4 19.
Bxg4 Rd8 20. Nd1 O-O 21. Ne3 Nxe4 22. Qxe4 f5 23. Bxf5 gxf5 24. Nxf5 Rxd5 $36 {
1/2-1/2 Lytchak,A-Kupreichik,V/Groningen 1996/EXT 98 (65)}) 11... Rc8 12. d5 c4
$10 {Opocensky,K-Lundin,E/Buenos Aires ol-fin (12) 1939 (35)}) (10. Bg5 h6 11.
Bh4 g5 12. Bg3 Rc8 13. Rd1 c5 14. dxc5 Bxc5 15. Qe2 Qa5 16. O-O b4 17. Nb1 Qxa2
18. Ne5 $36 {1-0 Akimov,I-Himanshu,K/St Petersburg 2002/EXT 2003 (23)}) (10. e5
Nd5 11. Bxh7 Nb4 12. Qb1 Bxf3 13. gxf3 c5 $17 {1/2-1/2 Crouch,C-Kamath,S/
Calcutta 1994/EXT 97 (31)}) 10... Rc8 11. d5 (11. Rd1 c5 12. dxc5 (12. d5 $6 c4
(12... Qb6 13. dxe6 Qxe6 14. Ng5 Qg4 15. g3 Qh5 16. h4 h6 17. Be2 Qg6 18. h5
hxg5 19. hxg6 Rxh1+ 20. Bf1 gxf4 $19 {0-1 Pedersen,H-Christensen,R/DEN-ch corr
1949/CR97-49 (33)}) 13. dxe6 (13. Be2 b4 14. dxe6 fxe6 15. e5 Nd5 16. Nxd5 Bxd5
17. Ng5 Be7 18. Bh5+ g6 19. Bxg6+ Kf8 20. Nf7 $18 {1-0 Martin,P-Wexler/Buenos
Aires ch-ARG 1951 (41)}) 13... cxd3 14. exf7+ $2 (14. exd7+ Qxd7 15. Rxd3 $13 (
15. Rxd3 Qg4 $44)) 14... Kxf7 $17 {0-1 Kramnik,V-Ehlvest,J/Novgorod 1995/CBM
48/[Ftacnik] (30)}) 12... Qa5 (12... Bxc5 $146 13. Qe2 Nh5 $1 14. Bc1 Qc7 15.
O-O O-O 16. e5 $5 Bxf3 $1 17. Qxf3 g6 18. Be2 $1 Nxe5 19. Qh3 $44 {1/2-1/2
Tregubov,P-Tukmakov,V/Koszalin 76/365 1999/[Tukmakov,V] (46)}) 13. c6 Bxc6 14.
O-O Nc5 15. Rfe1 Nxd3 16. Qxd3 Be7 17. Bd6 Rd8 18. e5 Bxd6 19. exd6 Bxf3 20.
Qxf3 O-O $14 {1/2-1/2 Kljako,D-Sher,M/Biel 1990/EXT 2000 (32)}) (11. O-O c5 12.
d5 c4 13. Be2 (13. dxe6 cxd3 14. exf7+ Kxf7 15. Ng5+ Kg8 16. Qxd3 Nc5 17. Qxd8
Rxd8 18. Rad1 Rxd1 19. Rxd1 h6 20. Nf3 Ncxe4 {0-1 Oudheusden,N-Mulder van
Leens Dijkstra,K/corr NL-ch (FS-63/57) 1963/Inf 63 (20)}) 13... exd5 14. Rad1 (
14. Nxd5 Bxd5 15. exd5 Bc5 16. b3 cxb3 17. Qxb3 O-O 18. Rad1 Qb6 $11 {0-1
Sherbakov,R-Svidler,P/RUS-ch m1-2 Elista (3) ;CBM 59 1997 (41)}) 14... dxe4 15.
Ne5 Rc7 16. Ng4 Rc5 17. Nxf6+ Qxf6 18. Be3 Re5 19. Bd4 Bc5 20. Bxe5 Qxe5 21.
Qd2 Bc6 22. Bg4 f5 23. Nxe4 $13 {1-0 Schlosser,P-Kekki,P/Aabybro Nordic-tt ;
EXT 89 1989 (42)}) 11... Nc5 (11... Nh5 12. Be3 e5 13. a4 b4 14. Na2 $6 c6 15.
dxc6 Rxc6 $132 {1/2-1/2 Gelfand,B-Psakhis,L/Polanica Zdroj 1997/Inf 71/ (36)})
(11... exd5 $5) 12. O-O-O exd5 13. Nxd5 (13. Rhe1 Be7 14. e5 Nxd3+ 15. Qxd3 Nh5
16. Be3 Qd7 $13) 13... Nxd5 14. exd5 Nxd3+ 15. Qxd3 (15. Rxd3 Be7 16. h4 O-O
17. Ng5 g6 18. Qd2 Bd6 19. Kb1 (19. Bxd6 $142 $14) 19... Bxf4 20. Qxf4 Bxd5 $1
21. Nxh7 Kxh7 22. h5 Kg7 $1 23. Qd4+ f6 24. Qxd5 Qxd5 {1/2-1/2 Tregubov,P-Van
Wely,L/Warsaw 2005/CBM 108/[Huzman] (24)} (24... Qxd5 25. Rxd5 Rfd8 $11)) 15...
Be7 16. h4 $5 {Preparing a kingside offensive} (16. Rhe1 O-O 17. Kb1 $14) 16...
Qd7 $2 (16... f6 $5 {was risky but worth trying: the "e6" weakness would be
partly compensated by the newly gained control over "e5" and "g5". Besides,
the "d5" pawn is underprotected.} 17. Qb3 (17. Kb1 O-O 18. Qf5 Bd6 19. Nd4 Bxf4
20. Ne6 Qd6 21. Nxf4 Rfe8 $11) 17... Bd6 18. Rhe1+ Kf7 19. Be3 Re8 20. Nd4 $14)
(16... O-O 17. Ng5 g6 18. Nxh7 Kxh7 19. h5 Kg8 20. hxg6 Bg5 21. Qg3 $1 Bxf4+
22. Qxf4 fxg6 23. Rh8+ $1 Kg7 (23... Kxh8 24. Qh6+ Kg8 25. Qxg6+ Kh8 26. Rh1+
Qh4 27. Rxh4#) 24. Qh6+ Kf6 25. Rh7 $18) 17. Ne5 Qd6 $2 (17... Qd8 18. Nc6 Bxc6
19. dxc6 O-O (19... Qxd3 20. Rxd3 O-O 21. Rd7 Rfe8 22. Re1 Bxh4 23. Rxe8+ Rxe8
24. g3 Bf6 25. Rxc7 $16) 20. Qf3 Bd6 21. Kb1 Qe7 22. Rhe1 $16) 18. Qf5 $18 O-O
(18... Qf6 19. Qd7+ Kf8 20. g3 $18) 19. Nd7 g6 20. Bxd6 cxd6+ 21. Qc2 Rxc2+ 22.
Kxc2 Rc8+ 23. Kb1 Rc7 (23... Bd8 24. h5 Rc7 25. Nb8 $18) 24. Nb8 Rc5 25. Rde1
Bf8 26. Nd7 Rc8 27. Rc1 $1 Rxc1+ 28. Rxc1 Be7 29. Re1 Bxh4 30. g3 Bg5 31. f4
Bh6 32. Re7 g5 33. f5 Kg7 34. Nb6 g4 35. Kc2 Kf6 36. Rxb7 Bf4 37. gxf4 g3 38.
Nd7+ (38. Nc8 g2 39. Nxd6 Kg7 40. f6+ Kxf6 41. Rxf7+ Kg6 42. f5+ Kh6 43. f6
g1=Q 44. Nf5+ $18) 38... Kxf5 39. Nf8 1-0

[Event "Sufe Cup"]
[Site "Shanghai"]
[Date "2000.03.10"]
[Round "8"]
[White "Pigusov, Evgeny"]
[Black "Yin, Hao"]
[Result "1/2-1/2"]
[WhiteElo "2610"]
[BlackElo "2496"]
[Annotator "Huzman,A"]
[PlyCount "107"]
[EventDate "2000.03.03"]
[EventType "tourn"]
[EventRounds "13"]
[EventCountry "CHN"]
[EventCategory "13"]
[SourceTitle "CBM 076"]
[Source "ChessBase"]
[SourceDate "2000.05.31"]
[SourceVersion "1"]
[SourceVersionDate "2000.05.31"]
[SourceQuality "1"]

1. Nf3 d5 2. d4 Nf6 3. c4 dxc4 4. Qa4+ Nbd7 5. Nc3 e6 6. g3 c5 7. Bg2 Nd5 (7...
a6 8. O-O cxd4 (8... Be7 9. dxc5 Bxc5 10. Qxc4 b5 11. Qh4 Bb7 12. Bg5 O-O 13.
Rad1 Qc7 14. Rc1 Qb6 $11 {1/2-1/2 Alekhine,A-Euwe,M/NLD 1937/MainBase (65)}) (
8... Rb8 9. dxc5 Bxc5 10. Qxc4 b5 11. Qd3 Bb7 12. Bf4 Rc8 13. Rad1 O-O 14. Ne5
(14. a3 Qb6 15. b4 Be7 16. Be3 Qc7 $11 {1-0 Stockmann,M-Biller,H/Hessen 1997/
EXT 99 (41)}) 14... Bxg2 15. Kxg2 Nxe5 16. Bxe5 Qe7 $11 {1/2-1/2 Keitlinghaus,
L-Baburin,A/Berlin 1991/TD (32)}) 9. Nxd4 Qc7 10. Ndb5 Qb8 11. Na3 Bc5 12. Ne4
Nxe4 13. Bxe4 O-O 14. Qxc4 Be7 15. Be3 Nf6 16. Bg2 Bd7 17. Rac1 Rc8 18. Qb3 $14
{1-0 Palatnik,S-Bus,M/Hradec Kralove 1988/EXT 97 (30)}) (7... cxd4 8. Nxd4 Bc5
9. Qxc4 Qb6 10. e3 Ne5 (10... O-O 11. O-O Ne5 12. Qe2 Bd7 13. Rd1 Rfd8 $11 {
1/2-1/2 Moravec,M-Zvolanek,L/CZE-chT 1994/TD (24)}) 11. Qb5+ Qxb5 12. Ncxb5 Ke7
13. Nb3 Bb4+ 14. Bd2 Bxd2+ 15. Kxd2 Rd8+ 16. Ke2 Bd7 17. N5d4 Rab8 18. Rhc1 Nd5
19. Bxd5 exd5 20. Nc5 Rdc8 21. b3 $14 {1-0 Nogueiras,J-Sokolov,A/Madrid 1988/
EXT 97 (92)}) 8. Qxc4 N7b6 9. Qb3 (9. Qd3 $2 Nb4 10. Qd1 cxd4 $17) 9... cxd4 (
9... Nxc3 10. bxc3 (10. Qxc3 cxd4 11. Qxd4 Qxd4 12. Nxd4 $14) 10... Bd7 11. Bg5
(11. Ne5 Ba4 12. Qb2 cxd4 13. cxd4 Rc8 $36) 11... Be7 (11... f6 12. Bd2 $16 {
[%csl Re6]}) 12. dxc5 Bxg5 13. Nxg5 Qxg5 14. cxb6 $16) 10. Nxd5 (10. Nxd4 Nxc3
11. Qxc3 Na4 12. Qc4 (12. Qd3 Bc5 13. Qb5+ Bd7 14. Qxb7 Rb8 15. Qe4 Qb6 $36) (
12. Qd2 e5 13. Nf3 Qxd2+ 14. Bxd2 f6 $11) 12... Nb6 $11) 10... Qxd5 (10... Nxd5
11. O-O Be7 12. Nxd4 $14) 11. Qxd5 Nxd5 12. Nxd4 $14 {/=} Be7 (12... Bd7 $142
13. O-O Bc5 14. Nb3 Bb6 $11) 13. Bxd5 exd5 14. Nb5 Bd8 15. Be3 Bd7 $5 (15... a6
16. Nd6+ (16. Nc3 Ba5 17. Bd4 f6 $11) 16... Ke7 17. Bc5 Ke6 $11) 16. Nd6+ Ke7
17. Nxb7 d4 18. Bg5+ $1 f6 19. Bd2 Bc6 20. Bb4+ Kf7 21. Nxd8+ Rhxd8 22. O-O Bb5
23. Rfe1 Rac8 24. e3 (24. Rac1 Rxc1 25. Rxc1 Bxe2 26. Rc7+ Kg6 27. Rxa7 d3 28.
Bd2 Rc8 29. Be3 Rc2 30. Rd7 Rxb2 $17) 24... d3 $44 {Passed pawn d3 gives the
Black full compensation for sacrifised pawn.But the White have enough
resources to defend their position the main of which is opposite colour
bishops.} 25. Red1 Rc2 26. Rd2 Bc6 27. f4 Rb8 28. Rxc2 dxc2 29. Bc3 Be4 30. Kf2
h5 31. h3 Bf5 32. Rc1 Ke6 33. Ke2 Kd5 34. Kd2 a6 35. Bd4 Rc8 36. Bc3 Rc6 37. g4
hxg4 38. hxg4 Be4 39. Rg1 Rc8 40. g5 Ke6 41. gxf6 gxf6 42. Bd4 Rh8 43. b4 Rh2+
44. Kc3 Rg2 45. Rc1 f5 46. a4 Rg8 47. b5 axb5 48. axb5 Kd6 49. Kb4 Rg2 50. Kc3
Kd5 51. b6 Kc6 52. Ra1 Rh2 53. Kb3 Rh1 54. Rxh1 1/2-1/2

[Event "FIDE World Cup"]
[Site "Khanty-Mansiysk"]
[Date "2005.11.27"]
[Round "1.1"]
[White "Miroshnichenko, Evgenij"]
[Black "Korneev, Oleg"]
[Result "1-0"]
[WhiteElo "2634"]
[BlackElo "2601"]
[Annotator "Huzman,A"]
[PlyCount "115"]
[EventDate "2005.11.27"]
[EventType "k.o."]
[EventRounds "7"]
[EventCountry "RUS"]
[SourceTitle "CBM 111"]
[Source "ChessBase"]
[SourceDate "2006.04.04"]
[SourceVersion "1"]
[SourceVersionDate "2006.04.04"]
[SourceQuality "1"]

1. Nf3 d5 2. d4 Nf6 3. c4 c6 4. Qc2 dxc4 5. Qxc4 Bg4 6. Nbd2 Nbd7 7. g3 e6 8.
Bg2 Be7 9. O-O O-O 10. b3 (10. Ne5 Bh5 11. Ndf3 (11. Nxd7 Nxd7 12. Nb3 (12. Nf3
Qb6 13. b3 a5 14. a4 Rfd8 15. Bb2 Bf6 16. e3 Bxf3 17. Bxf3 e5 18. Rad1 exd4 19.
exd4 Nf8 20. Bg4 Rd5 21. Bf3 Rd7 22. Bg4 Rd6 23. Rd3 Rad8 $15 {1/2-1/2 Cordova,
E-Pacheco,M/Lima 2004/EXT 2005 (39)}) 12... Bd6 (12... Qb6 13. e4 a5 14. Be3 a4
15. Nd2 Qa5 16. a3 e5 $11 {1-0 Vaganian,R-Kulaots,K/Moscow 2005/CBM 106/
[Huzman] (68)}) (12... a5 13. a4 e5 14. dxe5 Nxe5 15. Qc2 Bg6 16. e4 Qd3 17.
Qxd3 Nxd3 18. Bd2 Bb4 19. Bc3 f6 20. Rfd1 Rfd8 21. Nd4 Nc5 22. f3 Rd6 23. Bf1
Rad8 24. Be2 $15 {0-1 Goldin,A-Bareev,E/Beer Sheva ISR 2005 (31)}) 13. e4 Qe7
14. Be3 Kh8 15. a4 a5 16. Bd2 Nb6 17. Qc2 Bb4 18. Be3 Nd7 19. h3 Rac8 20. Rac1
$14 {1-0 Rashkovsky,N-Najer,E/St Petersburg 1998/CBM 67 (75)}) 11... c5 12.
Nxd7 Nxd7 13. dxc5 Bxf3 14. Bxf3 Ne5 15. Qe4 Nxf3+ 16. Qxf3 Bxc5 17. Qxb7 Rb8
18. Qf3 Qa5 19. Rd1 Rfd8 20. Bf4 e5 21. Rxd8+ Rxd8 22. Be3 $14 {1/2-1/2
Portisch,L-Barczay,L/Budapest 1964/MCD (42)}) (10. b4 Nb6 11. Qb3 Qd5 12. a3
Bxf3 13. Qxf3 Qxd4 14. Nb3 Qd7 15. Bf4 Rfd8 16. Nc5 Qc8 17. Rac1 Nfd5 18. Be5
Nd7 19. Nxd7 Rxd7 20. Qg4 Qf8 $17 {0-1 Tetenkina,I-Olafsson,H/Aaland-Stockholm
1997/EXT 98 (31)}) (10. e4 Rc8 11. e5 Nd5 12. Ne4 c5 13. Bg5 cxd4 14. Qxd4 Bxf3
15. Bxe7 Nxe7 16. Bxf3 Nc6 17. Qa4 Nb6 18. Qb5 Nd4 19. Qd3 Nc4 20. Bg2 Nxe5 $19
{0-1 Arkell,K-Conquest,S/Scarborough 1999/CBM 71 ext (29)}) (10. Qb3 Qb6 11.
Nc4 Qa6 12. Bg5 (12. Bf4 Rfd8 13. Bc7 Re8 14. Bd6 Rad8 15. Rfe1 Nb6 16. Bxe7
Rxe7 17. Nce5 Bf5 18. e3 Be4 19. Bf1 Qa5 20. Ng5 Bg6 21. Rec1 Nfd7 22. Nxg6
hxg6 23. Ne4 $11 {1/2-1/2 Fridman,D-Karjakin,S/Internet Canarias 2004 (75)})
12... h6 13. Bxf6 Bxf6 14. e3 Rad8 (14... Rfd8 15. Nd6 Rab8 16. Ne4 Be7 17.
Rfc1 Qa5 18. h3 Bxf3 19. Bxf3 e5 $11 {1/2-1/2 Oms Pallise,J-Salgado Lopez,I/
Barcelona ESP 2005/The Week in Chess 563 (68)}) 15. Rfc1 Bxf3 16. Bxf3 e5 17.
dxe5 Nxe5 18. Nxe5 Bxe5 19. Rc2 Qb6 20. Qxb6 axb6 21. Rd1 Rxd1+ 22. Bxd1 Rd8
23. Be2 h5 24. a3 g5 {1/2-1/2 Hellsten,J-Bareev,E/Rethymnon 2003/CBM 98 no vc 
(24)}) (10. Re1 a5 11. Ne5 Nb6 12. Qd3 a4 13. Nxg4 Nxg4 14. Nf3 Qc7 15. Bd2 a3
16. b4 Rfd8 17. Rab1 Ra4 18. Rec1 $16 {1-0 Gritsak,O-Krasiewicz,R/Warsaw POL
2005/(29)}) (10. Nb3 a5 11. Bg5 h6 12. Bxf6 Bxf6 13. e3 Bxf3 14. Bxf3 e5 $11 {
1/2-1/2 Dreev,A-Malakhov,V/Benidorm ESP 2005/CT-1842 (25)}) 10... Qa5 (10... a5
11. a3 h6 12. Bb2 Bf5 13. Rfd1 Qc7 14. Ne5 Rfd8 15. e4 Bh7 16. Qe2 Nxe5 17.
dxe5 Nd7 18. Nc4 b5 19. Nd6 Nxe5 20. Bxe5 Bxd6 21. Rxd6 Rxd6 22. Bxd6 Qxd6 23.
e5 Qc5 24. Qb2 Rc8 25. Rc1 Qb6 26. b4 $11 {1/2-1/2 Jeremic,V-Dobrov,V/
Korinthos GRE 2004/(30)}) 11. h3 Bf5 (11... Bh5 $142 12. Bb2 {1/2-1/2 Akesson,
R-Kulaots,K/Gausdal NOR 2005/(12)}) 12. Nh4 $1 Nb6 (12... b5 $5 13. Qxc6 Rac8
14. Nxf5 $1 exf5 15. Qf3 Rxc1 16. Raxc1 (16. Rfxc1 Qxd2 17. Qxf5 Qxd4 18. Qxb5
$16) 16... Qxd2 17. Qxf5 a6 18. e3 Qxa2 19. Qd3 Qa5 20. Ra1 Qb6 21. Rfc1 $16)
13. Nxf5 Nxc4 (13... Qxf5 14. Qc3 Nbd5 15. Qb2 $14 {[%cal Ge2e4]}) 14. Nxe7+
Kh8 15. Nxc4 Qc7 (15... Qa6 16. a4 Rfe8 17. Ba3 Nd5 18. Nxd5 (18. Bxd5 cxd5 19.
Ne5 Rf8 20. e3 $16) 18... exd5 19. Nd6 Rxe2 20. Nxf7+ Kg8 21. Ne5 $16) 16. Ba3
Rae8 17. Nxc6 $1 bxc6 18. Bxf8 Rxf8 19. Rfc1 $16 {[%csl Rc6]} Nd7 20. b4 $1 {
[%mdl 32]} g6 (20... e5 $142 21. dxe5 Nxe5 22. a3 $16 (22. Na5 Qd6 23. a3 Qd2
$132)) 21. a3 e5 22. dxe5 Nxe5 23. Na5 Qe7 24. Ra2 $1 g5 25. Rac2 Rd8 26. Nxc6
Nxc6 27. Bxc6 $16 {/+-} Kg7 28. Bf3 Qe6 29. Rc5 $1 h6 30. Kg2 Rd6 31. Ra5 Ra6
32. Rcc5 Rxa5 33. Rxa5 Qb6 34. Be4 Qd4 35. Bd3 $1 Qb6 36. Kg1 Qd4 37. Kg2 f6
38. Rb5 h5 39. a4 h4 40. g4 Kf8 41. a5 Ke7 42. a6 $18 Kd6 43. Rb8 Qd5+ 44. Kg1
Qc6 45. b5 Qc7 46. Rb7 Qc1+ 47. Kg2 Qc5 48. Be4 f5 49. Bxf5 Qd5+ 50. e4 Qc5 51.
b6 axb6 52. Rd7+ Kc6 53. a7 Qa5 54. e5 Qa4 55. e6 Kc5 56. e7 Qc6+ 57. Kg1 Qa8
58. Bg6 1-0